000 00600nam a2200241Ia 4500
003 OSt
005 20221005115424.0
006 a|||||r|||| 00| 0
007 ta
008 221004b |||||||| |||| 00| 0 guj d
024 _a40643
037 _cTextual
040 _aCRL
_cCRL
_bguj
041 _2guj
_aguj
082 _aO156,3M98,12, 156J4
100 _aKhandekar
_9223129
245 0 _aChaklino malo
260 _c1954
300 _a269p.
_ccm.
650 _aGUJRATI LITERATURE
942 _hO156,3M98,12, 156J4
_cTEXL
_2cc
999 _c1034776
_d1034776